[Event "SEMI B015 email"]
[Site "SEMI email"]
[Date "2000.11.01"]
[Round "?"]
[White "Ciucci, Paolo"]
[Black "Mach, Jan"]
[Result "0-1"]
[WhiteElo "1000"]
[BlackElo "1550"]
[PlyCount "110"]
[EventDate "2000.11.01"]
[EventType "tourn (corr)"]
[EventRounds "6"]
[EventCountry "ITA"]
[SourceTitle "Corr 2004"]
[Source "ChessBase"]
[SourceDate "2003.04.28"]
[SourceVersion "3"]
[SourceVersionDate "2003.04.28"]
[SourceQuality "1"]

1. e4 c5 2. Nf3 d6 3. d4 cxd4 4. Nxd4 Nc6 5. Nc3 Nf6 6. Bb5 Bd7 7. Be3 e5 8. Nf3 Be7 9. 0-0 a6 10. Bc4 0-0 11. a3 Qc7 12. Ba2 Rac8 13. Qd3 Na5 14. Ng5 b5 15. f4 Nc4 16. Bxc4 bxc4 17. Qe2 exf4 18. Rxf4 Qb7 19. Rb1 h6 20. Nh3 g5 21. Rff1 Bxh3 22. gxh3 Nxe4 23. Qh5 Nxc3 24. bxc3 Qe4 25. Bd4 Qg6 26. Qxg6+ fxg6 27. Rb6 Rxf1+ 28. Kxf1 a5 29. Ra6 Rb8 30. Bb6 Kf7 31. Ke2 Ke6 32. a4 Rb7 33. Bxa5 Rb2 34. Kd2 Rb1 35. Rc6 Rh1 36. Rxc4 Rxh2+ 37. Kc1 Rxh3 38. Bb4 Rh4 39. Rd4 Rh1+ 40. Kb2 h5 41. a5 Rf1 42. a6 Rf8 43. Rd1 g4 44. c4 Ra8 45. Ra1 g3 46. Bd2 h4 47. a7 g2 48. Be3 h3 49. Bg1 Bf6+ 50. c3 Be5 51. Re1 Rxa7 52. c5 Rf7 53. cxd6 Kxd6 54. Re2 Rf1 55. Rd2+ Ke6 0-1